000 00459nam a2200181Ia 4500
001 25419
005 20260414151149.0
008 260414t2024||||xx |||||||||||||| ||spa||
041 _aESP
082 _a346.5
_bO83 2024 T. 3
100 _aOsterling Parodi, Felipe,
_eAUT
245 0 _aTratado de derecho de las obligaciones
_b
260 _c2024
300 _aPáginas 2057-3086 :
_c25 cm.
650 _aDER
654 _aCDE
942 _cLIB
_dJUS
_fJUS
_2ddc
_n
999 _c25419
_d25419